| 000 | 00556nam a22001937a 4500 | ||
|---|---|---|---|
| 008 | 150923b xxu||||| |||| 00| 0 eng d | ||
| 020 | _a9780470374948 | ||
| 041 | 0 | _aeng | |
| 080 | _a658.15 | ||
| 100 | 1 | _aKieso, Donald E. | |
| 245 | 1 | 0 |
_aIntermediate accounting / _cDonald E. Kieso, Jerry J. Weygandt, Terry D. Warfield. |
| 250 | _a13th ed. | ||
| 260 |
_aHoboken, NJ : _bWiley, _c2010. |
||
| 300 |
_axl, 1379, I-20 f. : _bme il.; _c29 cm. |
||
| 650 | 0 | _aKontabilitet | |
| 700 | 1 | _aWeygandt, Jerry J. | |
| 700 | 1 | _aWarfield, Terry D. | |
| 942 |
_2udc _cBK |
||
| 999 |
_c1168 _d1168 |
||